Statistics for Famous People who were Slaves

Click here to take the quiz!

General Stats

  • This quiz has been taken 212 times
    (203 since last reset)
  • The average score is 7 of 13

Answer Stats

LifeHintPerson% Correct
1391 – 1271 BCE (?)His people, the Israelites, were a minority enslaved by the Egyptian PharaohMoses
85%
c. 620 – 564 BCE (?)Greek storyteller credited with a number of fablesAesop
75%
1822 – 1913Born into slavery, escaped and later rescued 70+ by Underground RailroadHarriet Tubman
73%
c.111 – 71 BCELed a slave uprising against the Roman RepublicSpartacus
70%
400sA Christian missionary who was taken as a slave to IrelandSaint Patrick
65%
FictionalNow-retired mascot of the breakfast food brand of the same name, based on the enslaved "Mammy" archetypeAunt {Jemima}
57%
1818 – 1895Became a national abolitionist leader, famous for speaking and writingFrederick Douglass
57%
FictionalMononymous title character of the 2012 Tarantino filmDjango
53%
c. 1750 – 1822Protagonist of the 1976 Alex Haley novel and 1977 miniseries RootsKunta Kinte
36%
1860s – 1943The most prominent black scientist of the early 1900s, he promoted alternative agriculture methodsGeorge Washington Carver
35%
c. 1799 – 1858African-American slave in Missouri who attempted to sue for his freedom in a famous trialDred Scott
30%
1856 – 1915American educator, author, orator, and adviser to presidents, founder of the Tuskegee InstituteBooker T. Washington
26%
1800 – 1831African-American preacher who led the 4-day rebellion named for him, and was executed for itNat Turner
21%

Score Distribution

Percentile by Number Answered

Percent of People with Each Score

Your Score History

You have not taken this quiz since the last reset